000 00341 a2200157 4500
001 47554
020 _a9788506082829
040 _cAnchieta - Aquarius
100 _aMajor, Lenia
240 1 0 _aEle é meu irmão!
_lpor
245 1 0 _aEle é meu irmão!
300 _a31 p.
362 0 _a2018
650 4 _aLiteratura infantil
942 _cBK
999 _c47554
_d47554